Statistiques concernant Les communes du Val de Marne (94)

Cliquez ici pour prendre le quiz!

Statistiques générales

  • Ce quiz a été pris 942 fois
    (926 depuis la dernière actualisation)
  • Le résultat moyen est 24 sur 47

Statistiques - réponses

HintRéponse% Correct
94000Creteil
90%
94200Ivry sur Seine
82%
94400Vitry sur seine
79%
94300Vincennes
78%
94100Saint Maur des Fossés
74%
94500Champigny sur Marne
72%
94140Alfortville
70%
94800Villejuif
69%
94130Nogent sur Marne
67%
94310Orly
67%
94600Choisy le Roi
63%
94340Joinville le Pont
63%
94700Maisons Alfort
63%
94120Fontenay sous Bois
62%
94220Charenton le pont
61%
94160Saint Mandé
60%
94370Sucy en Brie
58%
94320Thiais
57%
94190Villeneuve saint Georges
57%
94380Bonneuil sur Marne
55%
94230Cachan
55%
94410Saint Maurice
55%
94240L'Haÿ les Roses
54%
94470Boissy saint léger
53%
94110Arcueil
52%
94270Le Kremlin Bicetre
52%
94360Bry sur Marne
48%
94150Rungis
47%
94260Fresnes
45%
94250Gentilly
45%
94350Villiers sur Marne
44%
94460Valenton
43%
94550Chevilly Larue
41%
94170Le Perreux sur Marne
41%
94430Chennevieres sur Marne
40%
94490Ormesson sur Marne
40%
94290Villeneuve le Roi
40%
94450Limeil Brevannes
38%
94480Ablon sur seine
34%
94510La Queue en Brie
34%
94440Villecresnes
29%
94440Noiseau
26%
94440Marolles en Brie
25%
94440Santeny
24%
94520Mandres les Roses
23%
94420Le Plessis Trevise
22%
94520Perigny
19%

Distribution des résultats

Percentile par nombre de réponses

% des personnes avec chaque résultat

Votre développement - résultats

Vous n’avez pas pris ce quiz depuis la dernière actualisation